[Event "CAN-ch U2200"]
[Site "Kingston CAN"]
[Date "2022.04.14"]
[Round "2.32"]
[White "Huang, Youhe"]
[Black "Loadman, Ian"]
[Result "1/2-1/2"]
[WhiteElo "1989"]
[BlackElo "2061"]
[PlyCount "36"]
[EventDate "2022.04.13"]
[EventType "swiss"]
[EventRounds "9"]
[EventCountry "CAN"]

1. e4 e5 2. Nf3 Nc6 3. Bb5 f5 4. d4 fxe4 5. Bxc6 dxc6 6. Nxe5 Nf6 7. Bg5 Be7 8.
c3 O-O 9. Nd2 Bf5 10. Qb3+ Qd5 11. O-O Qxb3 12. Nxb3 Bd6 13. Nc4 b6 14. Nxd6
cxd6 15. Bf4 Rad8 16. c4 c5 17. Rad1 h6 18. h3 Be6 1/2-1/2

[Event "CAN-ch U2200"]
[Site "Kingston CAN"]
[Date "2022.04.14"]
[Round "2.33"]
[White "Latorre, Vincent"]
[Black "Malmsten, Erik"]
[Result "1-0"]
[WhiteElo "2046"]
[BlackElo "1936"]
[PlyCount "75"]
[EventDate "2022.04.13"]
[EventType "swiss"]
[EventRounds "9"]
[EventCountry "CAN"]

1. e4 c6 2. d4 g6 3. Bd3 Bg7 4. Nf3 d5 5. exd5 cxd5 6. O-O Nc6 7. c3 Bg4 8. Re1
Nf6 9. h3 Bd7 10. Ne5 O-O 11. Nxd7 Nxd7 12. Qb3 Nb6 13. Bf4 e6 14. Nd2 Qe7 15.
Nf3 Rac8 16. h4 f6 17. Re2 Qf7 18. Bd6 Rfe8 19. Rae1 Na5 20. Qc2 Nac4 21. Bg3
Nd7 22. a4 a5 23. b3 Ncb6 24. h5 Nf8 25. Bd6 Nbd7 26. Nh4 f5 27. Nf3 gxh5 28.
Bb5 h6 29. Bxf8 Kxf8 30. Qd2 Rc7 31. c4 Rec8 32. Rxe6 Nf6 33. cxd5 Ne4 34. Qxa5
Rc1 35. Re8+ Rxe8 36. Rxc1 Qxd5 37. Qb4+ Re7 38. Rc8+ 1-0

[Event "CAN-ch U2200"]
[Site "Kingston CAN"]
[Date "2022.04.14"]
[Round "2.34"]
[White "Joseph Benher, Savio"]
[Black "Adam, Rafael"]
[Result "1-0"]
[WhiteElo "2170"]
[BlackElo "2024"]
[PlyCount "135"]
[EventDate "2022.04.13"]
[EventType "swiss"]
[EventRounds "9"]
[EventCountry "CAN"]

1. e4 e5 2. Nf3 Nc6 3. Bb5 a6 4. Ba4 Nf6 5. d3 b5 6. Bb3 Bc5 7. a4 b4 8. a5 h6
9. O-O d6 10. Be3 Qe7 11. Bxc5 dxc5 12. Ba4 Bd7 13. Nbd2 Nd4 14. Bxd7+ Nxd7 15.
c3 Nb5 16. Qc2 O-O 17. Nc4 Rab8 18. Rfe1 Rfc8 19. Ne3 Qe6 20. Nf5 Kh7 21. d4
cxd4 22. cxd4 c5 23. d5 Qf6 24. Nd2 Nd4 25. Qc4 g6 26. Ne3 Rb5 27. g3 Qg5 28.
h4 Qd8 29. Kg2 Rxa5 30. d6 Kg7 31. Qd5 Rxa1 32. Rxa1 Qb6 33. Ndc4 Qc6 34. f4
exf4 35. gxf4 Ne6 36. Kg3 Nf6 37. Qxc6 Rxc6 38. f5 Nd4 39. fxg6 Nxe4+ 40. Kf4
Nxd6 41. Ne5 Ne6+ 42. Kg4 Rb6 43. Nd5 Rb7 44. Rxa6 Ne4 45. gxf7 Nf8 46. Nf4
Nf6+ 47. Kf5 N6d7 48. Nh5+ Kh7 49. Nxd7 Nxd7 50. Ra8 c4 51. Nf6+ Kg7 52. Nxd7
Kxf7 53. Ne5+ Kg7 54. Nxc4 Rc7 55. b3 Rc5+ 56. Kg4 Rd5 57. Re8 Rd4+ 58. Kg3 Kf6
59. Rf8+ Ke6 60. Rf4 Rd1 61. Re4+ Kd5 62. Ne3+ Kxe4 63. Nxd1 Kd3 64. Kg4 Kc2
65. Ne3+ Kxb3 66. Nd5 Kc4 67. Nxb4 Kxb4 68. Kh5 1-0

[Event "CAN-ch U2200"]
[Site "Kingston CAN"]
[Date "2022.04.14"]
[Round "2.35"]
[White "Berengolts, Isai"]
[Black "Guillemette, Hugo"]
[Result "0-1"]
[WhiteElo "2126"]
[BlackElo "1882"]
[PlyCount "58"]
[EventDate "2022.04.13"]
[EventType "swiss"]
[EventRounds "9"]
[EventCountry "CAN"]

1. e4 c5 2. Nc3 e6 3. f4 d5 4. Bb5+ Nc6 5. d3 Nf6 6. Nf3 Be7 7. O-O O-O 8. Bxc6
bxc6 9. Ne5 Qc7 10. Qe1 Bd6 11. Qg3 Nd7 12. Nf3 f6 13. Bd2 Rb8 14. b3 Ba6 15.
Qh3 Rbe8 16. e5 Be7 17. Qxe6+ Kh8 18. Qh3 fxe5 19. Ng5 Bxg5 20. fxg5 Nb6 21. g6
h6 22. Qh5 Kg8 23. g4 e4 24. Rxf8+ Rxf8 25. dxe4 d4 26. g5 dxc3 27. Bxc3 Qf4
28. Bxg7 Qf2+ 29. Kh1 Be2 0-1

[Event "CAN-ch U2200"]
[Site "Kingston CAN"]
[Date "2022.04.14"]
[Round "2.36"]
[White "Hansen, Troy"]
[Black "Liu, Henry"]
[Result "0-1"]
[WhiteElo "1973"]
[BlackElo "2125"]
[PlyCount "60"]
[EventDate "2022.04.13"]
[EventType "swiss"]
[EventRounds "9"]
[EventCountry "CAN"]

1. e4 e6 2. d4 d5 3. Nd2 Nf6 4. e5 Nfd7 5. Bd3 c5 6. c3 Nc6 7. Ne2 cxd4 8. cxd4
f6 9. exf6 Nxf6 10. Nf3 Bd6 11. O-O O-O 12. a3 Qc7 13. Qc2 Bd7 14. h3 h6 15.
Be3 Nh5 16. Bh7+ Kh8 17. Nh4 Be8 18. Ng6+ Bxg6 19. Bxg6 Nf4 20. Nxf4 Bxf4 21.
Qd2 Rf6 22. Bh5 Na5 23. Rac1 Nc4 24. Qe2 Qb6 25. Rc2 Bxe3 26. fxe3 Rxf1+ 27.
Kxf1 Rf8+ 28. Kg1 e5 29. dxe5 Nxe3 30. Rc1 Nf1+ 0-1

[Event "CAN-ch U2200"]
[Site "Kingston CAN"]
[Date "2022.04.14"]
[Round "2.37"]
[White "Bond, Hal"]
[Black "Van Rooy, Jake"]
[Result "0-1"]
[WhiteElo "1773"]
[BlackElo "2073"]
[PlyCount "68"]
[EventDate "2022.04.13"]
[EventType "swiss"]
[EventRounds "9"]
[EventCountry "CAN"]

1. e4 c5 2. d4 cxd4 3. c3 g6 4. cxd4 d5 5. e5 Nc6 6. Nc3 Nh6 7. Bg5 Bg7 8. Bb5
O-O 9. Nge2 f6 10. exf6 exf6 11. Bf4 Be6 12. O-O Nf5 13. Qd2 Qb6 14. Rfd1 Rac8
15. Ba4 Na5 16. Rab1 Nc4 17. Qd3 Rfd8 18. Bb3 Na5 19. Na4 Qc6 20. Nc5 Nxb3 21.
Qxb3 b6 22. Nd3 Qc2 23. Qxc2 Rxc2 24. Bd2 Rcc8 25. Ndf4 Bf7 26. Bb4 Rc4 27. Bc3
Re8 28. Re1 Bf8 29. g4 Nh4 30. Kh1 Nf3 31. Red1 g5 32. Kg2 Nh4+ 33. Kg3 Bd6 34.
Re1 Ng6 0-1

[Event "CAN-ch U2200"]
[Site "Kingston CAN"]
[Date "2022.04.14"]
[Round "2.38"]
[White "Xu, Daniel"]
[Black "Khan, Riley"]
[Result "1-0"]
[WhiteElo "2088"]
[BlackElo "1935"]
[PlyCount "111"]
[EventDate "2022.04.13"]
[EventType "swiss"]
[EventRounds "9"]
[EventCountry "CAN"]

1. e4 c5 2. Nf3 Nc6 3. d4 cxd4 4. Nxd4 Nf6 5. Nc3 e6 6. Be2 Bb4 7. O-O d5 8.
exd5 exd5 9. Bf3 O-O 10. Bg5 Bxc3 11. bxc3 h6 12. Bxf6 Qxf6 13. Bxd5 Rd8 14.
Bf3 Nxd4 15. cxd4 Rxd4 16. Qb1 Rf4 17. Qb3 Rb8 18. Qe3 b6 19. Qe8+ Kh7 20. Be4+
g6 21. Rad1 Ba6 22. Qxb8 Bxf1 23. f3 Bc4 24. Qxa7 Qb2 25. Qc7 Rxe4 26. fxe4
Qxc2 27. Qd6 Bxa2 28. e5 b5 29. h3 b4 30. Rd2 Qc1+ 31. Kh2 Qc4 32. Rd4 Qe6 33.
Rxb4 g5 34. Qd4 Qf5 35. Rb2 Be6 36. Rf2 Qg6 37. Qe3 Kg7 38. Qf3 Kg8 39. Qf6
Qxf6 40. Rxf6 h5 41. Rh6 h4 42. Rh5 Kg7 43. Rxg5+ Kh6 44. Rg8 Bd5 45. Rg4 Kh5
46. Rf4 Kg5 47. Rf6 Bb3 48. g4 hxg3+ 49. Kxg3 Bc4 50. h4+ Kh5 51. Rf5+ Kg6 52.
Kf4 Bd5 53. Rg5+ Kh6 54. Kf5 Bb3 55. Kf6 Bc4 56. Rg7 1-0

[Event "CAN-ch U2200"]
[Site "Kingston CAN"]
[Date "2022.04.14"]
[Round "2.39"]
[White "Ramesh, Sanjay"]
[Black "Oancea, Nicolae"]
[Result "1/2-1/2"]
[WhiteElo "2065"]
[BlackElo "1907"]
[PlyCount "228"]
[EventDate "2022.04.13"]
[EventType "swiss"]
[EventRounds "9"]
[EventCountry "CAN"]

1. d4 g6 2. c4 Bg7 3. Nc3 c6 4. Nf3 d5 5. cxd5 cxd5 6. Bf4 Nf6 7. h3 Nc6 8. e3
O-O 9. Bd3 Qb6 10. Qe2 Re8 11. O-O a6 12. a3 Qd8 13. Rfd1 Nh5 14. Bg5 Bf6 15.
Bxf6 Nxf6 16. b4 e5 17. dxe5 Nxe5 18. a4 Nxd3 19. Qxd3 Qe7 20. Nxd5 Nxd5 21.
Qxd5 Qxb4 22. Qg5 Bf5 23. Rd4 Qe7 24. Qh6 Rad8 25. Ng5 f6 26. Nf3 Rxd4 27. Nxd4
Qe5 28. h4 Bd7 29. Rb1 Rc8 30. Nf3 Qe4 31. Rd1 Qxa4 32. Rd6 Bc6 33. Nd4 Qd1+
34. Kh2 Qh5 35. Qxh5 gxh5 36. Rxf6 a5 37. Rf5 Ra8 38. Rc5 Ra6 39. Nxc6 bxc6 40.
Kg3 a4 41. Rc2 a3 42. Ra2 Ra4 43. Kf3 Kf7 44. Ke2 Ke6 45. Kd3 Rxh4 46. Rxa3 Rh2
47. Ra5 Rxg2 48. f4 Rh2 49. Ra7 h4 50. Rxh7 h3 51. Ke4 Rh1 52. Rh6+ Kd7 53. Kf5
h2 54. e4 c5 55. e5 c4 56. e6+ Kd6 57. Rh7 Re1 58. Rxh2 Rxe6 59. Rc2 Ke7 60.
Rxc4 Ra6 61. Rc7+ Kf8 62. Rd7 Ra5+ 63. Kg6 Ra6+ 64. Kf5 Ke8 65. Rh7 Kf8 66. Rb7
Rc6 67. Ke5 Ra6 68. Rd7 Rb6 69. Kf5 Ra6 70. Rd5 Kf7 71. Kg5 Rg6+ 72. Kf5 Rf6+
73. Ke4 Ra6 74. Rf5+ Ke6 75. Rh5 Ra4+ 76. Kf3 Ra1 77. Rh6+ Kf5 78. Rh5+ Kf6 79.
Rc5 Rf1+ 80. Ke4 Re1+ 81. Kd5 Rd1+ 82. Ke4 Re1+ 83. Kd4 Rd1+ 84. Ke3 Re1+ 85.
Kd4 Rd1+ 86. Kc3 Rf1 87. Rc4 Kf5 88. Rc8 Rxf4 89. Kd3 Ra4 90. Rf8+ Ke5 91. Re8+
Kf5 92. Rh8 Rb4 93. Kc3 Rg4 94. Rf8+ Ke5 95. Re8+ Kd5 96. Ra8 Rh4 97. Ra5+ Kc6
98. Ra6+ Kb5 99. Rg6 Rh3+ 100. Kd4 Rh4+ 101. Ke5 Rc4 102. Rg8 Rc5+ 103. Kd4
Rc4+ 104. Kd3 Rh4 105. Rb8+ Kc5 106. Rc8+ Kd5 107. Kc3 Ke5 108. Rc5+ Kd6 109.
Ra5 Rh3+ 110. Kd4 Rh4+ 111. Ke3 Rh3+ 112. Kf4 Rh4+ 113. Kg5 Rc4 114. Ra6+ Rc6
1/2-1/2

[Event "CAN-ch U2200"]
[Site "Kingston CAN"]
[Date "2022.04.14"]
[Round "3.31"]
[White "Liu, Henry"]
[Black "Latorre, Vincent"]
[Result "1-0"]
[WhiteElo "2125"]
[BlackElo "2046"]
[PlyCount "61"]
[EventDate "2022.04.13"]
[EventType "swiss"]
[EventRounds "9"]
[EventCountry "CAN"]

1. d4 Nf6 2. Nf3 e6 3. Bf4 d5 4. e3 c5 5. c3 Nc6 6. Nbd2 cxd4 7. exd4 Be7 8.
Bd3 a6 9. a4 O-O 10. O-O Bd6 11. Ne5 Qc7 12. Re1 Rb8 13. Qe2 Bd7 14. Bg5 Be7
15. Qe3 Rfc8 16. Qh3 Ne4 17. Bxe7 Nxe7 18. Nxe4 dxe4 19. Bxe4 f5 20. Bd3 Nd5
21. Qf3 Bc6 22. Nxc6 Qxc6 23. Re5 Nf6 24. Qe2 Kf7 25. Re1 Re8 26. Bc4 Ne4 27.
Rxf5+ Nf6 28. Re5 Nd5 29. Qh5+ Kf8 30. Bxd5 exd5 31. Qxh7 1-0

[Event "CAN-ch U2200"]
[Site "Kingston CAN"]
[Date "2022.04.14"]
[Round "3.32"]
[White "Guillemette, Hugo"]
[Black "Joseph Benher, Savio"]
[Result "0-1"]
[WhiteElo "1882"]
[BlackElo "2170"]
[PlyCount "84"]
[EventDate "2022.04.13"]
[EventType "swiss"]
[EventRounds "9"]
[EventCountry "CAN"]

1. e4 e6 2. d4 d5 3. e5 c5 4. c3 Nc6 5. Nf3 Bd7 6. Be2 f6 7. O-O Qc7 8. Re1
Nge7 9. Na3 a6 10. Bf4 Ng6 11. Bg3 fxe5 12. Nxe5 Ngxe5 13. dxe5 O-O-O 14. Nc2
Kb8 15. Rb1 Be8 16. Bg4 Qe7 17. b4 h5 18. Be2 d4 19. b5 dxc3 20. Qc1 axb5 21.
Bxb5 Nd4 22. Bxe8 Qxe8 23. Na3 h4 24. Bf4 h3 25. Qxc3 Qc6 26. Qg3 hxg2 27. Qxg2
Nf3+ 28. Kh1 g5 29. Re3 g4 30. Nc4 Qd5 31. Nd6 Bxd6 32. exd6 Qf5 33. Qf1 c4 34.
Rxf3 gxf3 35. Bg3 Rd7 36. Rc1 Rc8 37. h4 c3 38. Kh2 c2 39. Qh3 Qd5 40. Qg4 Qd1
41. Qxe6 Qxc1 42. Qxd7 Qf1 0-1

[Event "CAN-ch U2200"]
[Site "Kingston CAN"]
[Date "2022.04.14"]
[Round "3.33"]
[White "Xu, Eddie"]
[Black "Huang, Youhe"]
[Result "1-0"]
[WhiteElo "2119"]
[BlackElo "1989"]
[PlyCount "75"]
[EventDate "2022.04.13"]
[EventType "swiss"]
[EventRounds "9"]
[EventCountry "CAN"]

1. e4 c6 2. d4 d5 3. f3 g6 4. Nc3 Bg7 5. Be3 e6 6. Qd2 Ne7 7. O-O-O h5 8. h4 b5
9. Nh3 Qa5 10. Kb1 b4 11. Ne2 Nd7 12. Nef4 Qb6 13. Ng5 Nf6 14. Be2 a5 15. e5
Nfg8 16. g4 b3 17. cxb3 a4 18. Nd3 axb3 19. a3 Ba6 20. Nc5 Bc4 21. Bf2 Qb5 22.
Qf4 Nh6 23. Bd3 Nc8 24. Rhe1 Bf8 25. Bxc4 Qxc4 26. Rc1 Qb5 27. Qf6 Rg8 28.
Ngxe6 fxe6 29. Qxe6+ Be7 30. g5 Kf8 31. gxh6 Bxc5 32. Rxc5 Qd3+ 33. Kc1 g5 34.
Qf6+ Ke8 35. Qxc6+ Ke7 36. Qb7+ Ke6 37. Rc6+ Kf5 38. Rf6# 1-0

[Event "CAN-ch U2200"]
[Site "Kingston CAN"]
[Date "2022.04.14"]
[Round "3.34"]
[White "Van Rooy, Jake"]
[Black "Zhu, Matthew"]
[Result "1/2-1/2"]
[WhiteElo "2073"]
[BlackElo "2025"]
[PlyCount "60"]
[EventDate "2022.04.13"]
[EventType "swiss"]
[EventRounds "9"]
[EventCountry "CAN"]

1. g3 c5 2. Bg2 g6 3. Nf3 Bg7 4. d3 d5 5. Nbd2 Nf6 6. O-O Nc6 7. e4 O-O 8. Qe2
b6 9. Re1 Bg4 10. c3 dxe4 11. dxe4 Ne5 12. h3 Bxf3 13. Nxf3 Nfd7 14. Rd1 Qc7
15. Nxe5 Nxe5 16. Bf4 Rad8 17. Rxd8 Rxd8 18. Rd1 Qc8 19. Rd5 Rxd5 20. exd5 Qf5
21. Bxe5 Bxe5 22. Bf1 Bd6 23. Qd3 Qd7 24. Kg2 Qb7 25. Kg1 a6 26. Qxa6 Qxd5 27.
Qxb6 Qxa2 28. b4 Qa3 29. bxc5 Qxc5 30. Qxc5 Bxc5 1/2-1/2

[Event "CAN-ch U2200"]
[Site "Kingston CAN"]
[Date "2022.04.14"]
[Round "3.35"]
[White "Loadman, Ian"]
[Black "Xu, Daniel"]
[Result "1/2-1/2"]
[WhiteElo "2061"]
[BlackElo "2088"]
[PlyCount "65"]
[EventDate "2022.04.13"]
[EventType "swiss"]
[EventRounds "9"]
[EventCountry "CAN"]

1. e4 c5 2. Nc3 d6 3. d4 cxd4 4. Qxd4 a6 5. b3 Nc6 6. Qd2 g6 7. Bb2 Bg7 8.
O-O-O Nf6 9. f3 O-O 10. Kb1 b5 11. Nd5 Nxd5 12. Bxg7 Kxg7 13. exd5 Ne5 14. g4
f5 15. h3 f4 16. h4 Bd7 17. h5 a5 18. Bd3 Qb6 19. Be4 b4 20. Nh3 Qe3 21. hxg6
hxg6 22. Qh2 a4 23. Ng5 Rh8 24. Nh7 Nf7 25. Bxg6 axb3 26. cxb3 Kxg6 27. Rhe1
Qxf3 28. Qc2+ Kg7 29. Rxe7 Bxg4 30. Rxf7+ Kxf7 31. Ng5+ Kf6 32. Nxf3 Bxf3 33.
Rf1 1/2-1/2

[Event "CAN-ch U2200"]
[Site "Kingston CAN"]
[Date "2022.04.14"]
[Round "3.36"]
[White "Palsson Halidor, Peter"]
[Black "Zhang, Chu Hang"]
[Result "0-1"]
[WhiteElo "1942"]
[BlackElo "2057"]
[PlyCount "48"]
[EventDate "2022.04.13"]
[EventType "swiss"]
[EventRounds "9"]
[EventCountry "CAN"]

1. d4 d5 2. c4 e6 3. Nc3 c6 4. Nf3 Nf6 5. Bg5 Nbd7 6. e3 a6 7. c5 b6 8. cxb6
Qxb6 9. Qc2 c5 10. Be2 Bb7 11. O-O Rc8 12. Rfd1 cxd4 13. Nxd4 Ne4 14. Bh4 g5
15. Bg3 h5 16. f3 Nxg3 17. hxg3 Bd6 18. f4 h4 19. Kf2 hxg3+ 20. Kxg3 gxf4+ 21.
exf4 e5 22. Nf5 exf4+ 23. Kg4 Ne5+ 24. Kxf4 Qf2+ 0-1

[Event "CAN-ch U2200"]
[Site "Kingston CAN"]
[Date "2022.04.14"]
[Round "3.37"]
[White "Malmsten, Erik"]
[Black "Berengolts, Isai"]
[Result "0-1"]
[WhiteElo "1936"]
[BlackElo "2126"]
[PlyCount "92"]
[EventDate "2022.04.13"]
[EventType "swiss"]
[EventRounds "9"]
[EventCountry "CAN"]

1. e4 c5 2. Nc3 e6 3. f4 a6 4. Nf3 Nc6 5. d3 d5 6. e5 Nh6 7. g3 Nf5 8. Bg2 h5
9. Qe2 b5 10. Nd1 Bb7 11. O-O c4 12. b3 Bc5+ 13. Kh1 h4 14. Be3 Bxe3 15. Nxe3
Nxe3 16. Qxe3 h3 17. Bxh3 Rxh3 18. Ng5 Rh6 19. d4 Ne7 20. c3 Qc7 21. g4 Bc8 22.
b4 a5 23. a3 Ra6 24. Nf3 Qa7 25. Kg2 Nc6 26. g5 Rh8 27. Rfb1 axb4 28. cxb4 Ne7
29. Qc3 Nf5 30. Rb2 Qe7 31. Rh1 Qf8 32. Ra2 Ra4 33. h4 Rh5 34. Qe1 Bd7 35. Rh3
Kd8 36. Kg1 Qh8 37. Kf1 Ke7 38. Ke2 Qh7 39. Kd1 Nxd4 40. Nxd4 Qb1+ 41. Kd2
Qxa2+ 42. Nc2 d4 43. Qf2 d3 44. Qc5+ Ke8 45. Qb6 Qxc2+ 46. Ke3 Ra8 0-1

[Event "CAN-ch U2200"]
[Site "Kingston CAN"]
[Date "2022.04.14"]
[Round "3.39"]
[White "Adam, Rafael"]
[Black "Hansen, Troy"]
[Result "1/2-1/2"]
[WhiteElo "2024"]
[BlackElo "1973"]
[PlyCount "138"]
[EventDate "2022.04.13"]
[EventType "swiss"]
[EventRounds "9"]
[EventCountry "CAN"]

1. d4 Nf6 2. c4 e6 3. g3 d5 4. Nf3 Be7 5. Bg2 O-O 6. O-O Nbd7 7. Qc2 c6 8. Nbd2
b6 9. e4 Nxe4 10. Nxe4 dxe4 11. Qxe4 Bb7 12. Rd1 Qc8 13. Qc2 Rd8 14. b3 Bf6 15.
Bb2 Qc7 16. Rd2 c5 17. Rad1 cxd4 18. Bxd4 Bxd4 19. Rxd4 Nf6 20. Qd2 Rxd4 21.
Qxd4 h6 22. h4 Be4 23. Ne5 Bxg2 24. Kxg2 Qb7+ 25. f3 h5 26. Rd2 Rc8 27. a4 Qe7
28. Qd6 Kf8 29. Kf2 Rc7 30. Qd8+ Qxd8 31. Rxd8+ Ke7 32. Ra8 Kd6 33. Nd3 Nd7 34.
Rd8 Ke7 35. Rg8 g6 36. Ke3 Nc5 37. Nxc5 Rxc5 38. Ke4 Rc7 39. Ra8 Kd6 40. Kd4
e5+ 41. Ke4 f5+ 42. Kd3 Rd7 43. Rg8 Ke6+ 44. Ke3 Kf7 45. Rh8 Kf6 46. Rc8 Rd1
47. Rc6+ Kf7 48. Rc7+ Ke6 49. b4 Rb1 50. b5 Rb4 51. Rxa7 Rxc4 52. Rb7 Kd5 53.
Rxb6 Rxa4 54. Rxg6 Ra3+ 55. Ke2 Ra2+ 56. Kf1 Ra1+ 57. Kg2 Ra2+ 58. Kf1 Ra3 59.
Kg2 Ra2+ 60. Kh3 Ra3 61. Rg5 Rxf3 62. Kg2 Ke4 63. Rxh5 Rb3 64. Rh8 Rb2+ 65. Kh3
Rxb5 66. Ra8 Kf3 67. Ra3+ Kf2 68. Ra2+ Kf3 69. Ra3+ Kf2 1/2-1/2

[Event "CAN-ch U2200"]
[Site "Kingston CAN"]
[Date "2022.04.14"]
[Round "3.40"]
[White "Oancea, Nicolae"]
[Black "Shi, Michael"]
[Result "1-0"]
[WhiteElo "1907"]
[BlackElo "2017"]
[PlyCount "143"]
[EventDate "2022.04.13"]
[EventType "swiss"]
[EventRounds "9"]
[EventCountry "CAN"]

1. e4 e5 2. d4 exd4 3. Nf3 Nc6 4. Bc4 Bc5 5. c3 Nf6 6. e5 d5 7. Bb5 Ne4 8. cxd4
Bb6 9. O-O O-O 10. Bxc6 bxc6 11. Be3 Re8 12. Nc3 Nxc3 13. bxc3 Bg4 14. Qd3 f6
15. Bf4 Bxf3 16. Qxf3 fxe5 17. Bxe5 Qd7 18. Rfd1 c5 19. Qg3 cxd4 20. cxd4 Rac8
21. Rac1 c6 22. Rd3 Bc7 23. f4 Bxe5 24. fxe5 Rf8 25. Rdc3 Qf5 26. h3 Qe4 27.
Qd3 Qxd3 28. Rxd3 Rf4 29. a4 Re4 30. a5 c5 31. dxc5 Rxe5 32. c6 h6 33. Rb3 Re7
34. Kf2 Rec7 35. Rbc3 Kf7 36. Ke3 Ke6 37. Kd4 Kd6 38. Rc5 Rxc6 39. Rxd5+ Ke7
40. Rxc6 Rxc6 41. Rb5 Kd6 42. g4 Rc1 43. g5 hxg5 44. Rxg5 Rh1 45. Rg6+ Kc7 46.
Rxg7+ Kc6 47. Rh7 Kb5 48. Rh5+ Ka6 49. Ke4 Rf1 50. h4 Kb7 51. Rf5 Rh1 52. h5
Kc6 53. Kf4 Kd7 54. Kg5 Ke6 55. Kg6 Rb1 56. Rg5 Rb8 57. h6 Rg8+ 58. Kh5 Rh8 59.
Rg6+ Kf5 60. Rg7 a6 61. Rg5+ Kf4 62. Rg1 Kf5 63. Rf1+ Ke6 64. Rb1 Ra8 65. h7
Kf6 66. Kh6 Kf7 67. Rb7+ Kf6 68. Rb1 Kf7 69. Rf1+ Ke6 70. Kg7 Ra7+ 71. Kg8 Ra8+
72. Rf8 1-0

[Event "CAN-ch U2200"]
[Site "Kingston CAN"]
[Date "2022.04.14"]
[Round "3.41"]
[White "Khan, Riley"]
[Black "Rusonik, Greg"]
[Result "0-1"]
[WhiteElo "1935"]
[BlackElo "2104"]
[PlyCount "94"]
[EventDate "2022.04.13"]
[EventType "swiss"]
[EventRounds "9"]
[EventCountry "CAN"]

1. c4 f5 2. Nf3 Nf6 3. g3 g6 4. Nc3 Bg7 5. Bg2 O-O 6. O-O d6 7. d4 c6 8. Re1
Qe8 9. e4 fxe4 10. Nxe4 Nxe4 11. Rxe4 Bf5 12. Rf4 e5 13. Rh4 Bf6 14. dxe5 Bxh4
15. Nxh4 dxe5 16. Nxf5 Rxf5 17. Qb3 Qe7 18. Be3 Na6 19. Rd1 Rf7 20. Bh3 Nc5 21.
Qa3 Ne6 22. c5 Nd4 23. Bxd4 exd4 24. Qb4 Qf6 25. Qxd4 Qxd4 26. Rxd4 Re7 27. Bf1
Kg7 28. f4 Rae8 29. Kf2 Re1 30. Rd7+ R8e7 31. Rd2 Rc1 32. b4 a5 33. a3 Rc3 34.
Ra2 a4 35. b5 Rxc5 36. bxc6 bxc6 37. Rb2 Rc3 38. Rb6 Rc7 39. h4 Rxa3 40. g4 Rb3
41. Ra6 a3 42. f5 gxf5 43. gxf5 Kf6 44. Bg2 Rb2+ 45. Kf3 a2 46. Bf1 Rb1 47.
Rxa2 Rxf1+ 0-1

[Event "CAN-ch U2200"]
[Site "Kingston CAN"]
[Date "2022.04.15"]
[Round "4.31"]
[White "Joseph Benher, Savio"]
[Black "Liu, Henry"]
[Result "1-0"]
[WhiteElo "2170"]
[BlackElo "2125"]
[PlyCount "61"]
[EventDate "2022.04.13"]
[EventType "swiss"]
[EventRounds "9"]
[EventCountry "CAN"]

1. e4 e6 2. d4 d5 3. Nc3 Nf6 4. Bg5 Be7 5. e5 Nfd7 6. h4 h6 7. Be3 c5 8. Qg4 g6
9. Bd3 cxd4 10. Bxd4 Nc6 11. Nf3 Nxd4 12. Qxd4 Bc5 13. Qf4 a6 14. O-O Be7 15.
Rad1 Nc5 16. Bc4 Qc7 17. Bxd5 exd5 18. Nxd5 Qc6 19. Nxe7 Kxe7 20. Rd6 Nd7 21.
Rxc6 bxc6 22. Re1 c5 23. e6 fxe6 24. Ne5 Nxe5 25. Qxe5 Rf8 26. Qxc5+ Kf7 27.
Qc7+ Kg8 28. Re3 Rf7 29. Qd8+ Rf8 30. Qd3 Kg7 31. h5 1-0

[Event "CAN-ch U2200"]
[Site "Kingston CAN"]
[Date "2022.04.15"]
[Round "4.32"]
[White "Van Rooy, Jake"]
[Black "Xu, Eddie"]
[Result "1-0"]
[WhiteElo "2073"]
[BlackElo "2119"]
[PlyCount "77"]
[EventDate "2022.04.13"]
[EventType "swiss"]
[EventRounds "9"]
[EventCountry "CAN"]

1. e4 e5 2. f4 exf4 3. Nc3 Nc6 4. Nf3 g5 5. Bc4 Bg7 6. h4 g4 7. Ng1 d6 8. d3
Ne5 9. Bb3 f3 10. gxf3 gxf3 11. Bf4 Bg4 12. Qd2 Qd7 13. Qf2 Ne7 14. O-O-O N7g6
15. Bg3 O-O 16. h5 Ne7 17. Kb1 h6 18. Bf4 Kh7 19. Bxe5 dxe5 20. Re1 f5 21. exf5
Nxf5 22. Bd5 Nd4 23. Be4+ Kh8 24. Nd5 Be6 25. Ne3 Rf6 26. c3 Nb5 27. Nxf3 Nd6
28. Qe2 Nxe4 29. dxe4 Raf8 30. Nh4 Bxa2+ 31. Kxa2 Qa4+ 32. Kb1 Rd8 33. Qc4 Qe8
34. Nhf5 Rc6 35. Qb5 Rd2 36. Nxg7 Kxg7 37. Rhg1+ Kh7 38. Qf1 Qxh5 39. Qf8 1-0

[Event "CAN-ch U2200"]
[Site "Kingston CAN"]
[Date "2022.04.15"]
[Round "4.33"]
[White "Latorre, Vincent"]
[Black "Loadman, Ian"]
[Result "1/2-1/2"]
[WhiteElo "2046"]
[BlackElo "2061"]
[PlyCount "73"]
[EventDate "2022.04.13"]
[EventType "swiss"]
[EventRounds "9"]
[EventCountry "CAN"]

1. e4 e5 2. Nf3 Nc6 3. Bc4 Nf6 4. d3 Bc5 5. c3 O-O 6. O-O d5 7. exd5 Nxd5 8.
Re1 Bg4 9. h3 Bh5 10. Nbd2 Nb6 11. Bb5 Bd6 12. Ne4 Ne7 13. d4 exd4 14. Nxd6
Bxf3 15. Qxf3 Qxd6 16. cxd4 Qb4 17. Qe2 Ned5 18. Bg5 h6 19. Bh4 c6 20. Bd3 Qxd4
21. Bg3 Nf4 22. Bxf4 Qxf4 23. Qe7 Rab8 24. Rad1 Nd5 25. Qa3 Qb4 26. Qxb4 Nxb4
27. Bc4 b5 28. Bb3 a5 29. a3 a4 30. axb4 axb3 31. Re3 Rfd8 32. Rc1 Rbc8 33.
Rxb3 Rd4 34. g3 Kf8 35. Kg2 Ke7 36. Kf3 Kd6 37. Ke3 1/2-1/2

[Event "CAN-ch U2200"]
[Site "Kingston CAN"]
[Date "2022.04.15"]
[Round "4.34"]
[White "Zhang, Chu Hang"]
[Black "Zhu, Matthew"]
[Result "1-0"]
[WhiteElo "2057"]
[BlackElo "2025"]
[PlyCount "57"]
[EventDate "2022.04.13"]
[EventType "swiss"]
[EventRounds "9"]
[EventCountry "CAN"]

1. e4 c5 2. Nc3 d6 3. Nge2 g6 4. d4 cxd4 5. Nxd4 Nf6 6. Be3 Bg7 7. f3 Nc6 8.
Qd2 O-O 9. O-O-O d5 10. Nxc6 bxc6 11. g4 e5 12. exd5 Nxd5 13. Bc5 Re8 14. Ne4
Qc7 15. h4 f5 16. Nd6 Rd8 17. c4 Bf8 18. cxd5 Bxd6 19. dxc6 Be7 20. Bc4+ Kg7
21. Qe3 Qxc6 22. Rxd8 Bxd8 23. h5 Bb7 24. hxg6 Qxg6 25. Qxe5+ Qf6 26. Qe3 Rc8
27. g5 Qxg5 28. Rg1 h6 29. f4 1-0

[Event "CAN-ch U2200"]
[Site "Kingston CAN"]
[Date "2022.04.15"]
[Round "4.35"]
[White "Berengolts, Isai"]
[Black "Huang, Youhe"]
[Result "0-1"]
[WhiteElo "2126"]
[BlackElo "1989"]
[PlyCount "70"]
[EventDate "2022.04.13"]
[EventType "swiss"]
[EventRounds "9"]
[EventCountry "CAN"]

1. e4 c5 2. Nc3 Nc6 3. f4 e6 4. Bb5 Nd4 5. Nf3 a6 6. Be2 Ne7 7. d3 Nec6 8. O-O
Be7 9. Nxd4 Nxd4 10. Bf3 d6 11. Ne2 O-O 12. c3 Nxe2+ 13. Qxe2 e5 14. Qf2 exf4
15. Bxf4 Bg5 16. g3 Bh3 17. Rfe1 Qf6 18. e5 dxe5 19. Bxe5 Qg6 20. Rad1 Rae8 21.
Qxc5 Qf5 22. Bxb7 Bg4 23. Rb1 Qxd3 24. Qd4 Qg6 25. Be4 Qh6 26. Bd6 Rd8 27. Bc2
Bh5 28. Qc5 Rxd6 29. Re5 Rd2 30. Rbe1 g6 31. Rxg5 Bf3 32. h4 Rg2+ 33. Kf1 Rxc2
34. Qe3 Bc6 35. h5 Qg7 0-1

[Event "CAN-ch U2200"]
[Site "Kingston CAN"]
[Date "2022.04.15"]
[Round "4.36"]
[White "Xu, Daniel"]
[Black "Wang, Derek"]
[Result "1-0"]
[WhiteElo "2088"]
[BlackElo "1956"]
[PlyCount "67"]
[EventDate "2022.04.13"]
[EventType "swiss"]
[EventRounds "9"]
[EventCountry "CAN"]

1. e4 c5 2. Nf3 Nc6 3. d4 cxd4 4. Nxd4 Nf6 5. Nc3 e6 6. Be2 Bb4 7. O-O O-O 8.
Be3 a6 9. Nxc6 bxc6 10. Na4 Ba5 11. e5 Nd5 12. Bc5 Re8 13. Qd4 f6 14. f4 Bc7
15. c4 fxe5 16. fxe5 Ne7 17. Qf4 Rf8 18. Qe4 Rf5 19. Bd6 Bxd6 20. exd6 Rxf1+
21. Rxf1 Nf5 22. c5 a5 23. Rxf5 exf5 24. Bc4+ Kh8 25. Qe7 Bb7 26. Bf7 Qb8 27.
Nb6 Qa7 28. Be8 h6 29. Qf8+ Kh7 30. Qxf5+ Kh8 31. Nxa8 Bxa8 32. Bg6 Qb8 33.
Qxd7 Qf8 34. Qe7 1-0